000 00540nam a2200181Ia 4500
999 _c34168
_d34168
003 OSt
005 20200918094329.0
008 190216s9999||||xx |||||||||||||| ||und||
020 _a9788189866990
040 _coclc
082 _a620.5
_bKAR/N
100 _a Karkare, Manasi
_94718
245 0 _aNanotechnology Fundamentals And Applications /
_cManasi Karkare
260 _bI.K.International Publishing,
_aNew Delhi:
_c2008.
300 _a235p
650 _aPhysics
942 _cBK
_2ddc
_h620.5
_iKAR/N
_k620.5
_mKAR/N